| 000 | 00349pab a2200145 454500 | ||
|---|---|---|---|
| 008 | 180718b1996 xxu||||| |||| 00| 0 eng d | ||
| 100 | _aSrinivasan, G. | ||
| 245 | _aTowards more lendable resources at lower rates | ||
| 260 | _c1996 | ||
| 300 | _ap.5,10 | ||
| 362 | _aDec | ||
| 650 | _aFinancial institutions | ||
| 773 | _aYojana | ||
| 909 | _a32745 | ||
| 999 |
_c32745 _d32745 |
||